LEADER 01372nam a2200313 4500 001 000000351426 003 CaOOAMICUS 005 20220901135404.0 008 220831s2022 it 000 u ita r 022 $a26111373 040 $aSeMil$bita 100 1 $aFranco, Massimo,$d<1954- >.$0(OLS)http://semarc/name/90895 245 13$aIl monastero :$bBenedetto 16., nove anni di papato-ombra /$cMassimo Franco. 264 1$aMilano :$bSolferino,$c2022. 300 $a270 p. ;$c21 cm 490 1 $aSaggi. Solferino 500 $aSaggi Solferino, I libri del Corriere della sera, n. 3 del 21 aprile 2022 541 0 $aOmaggio mons. Mario Delpini 650 4$aBenedetto XVI - Rinuncia.$0(OLS)http://semarc/subject/41065 650 4$aBenedetto XVI - Rapporti [con] papa Francesco.$0(OLS)http://semarc/subject/52787 830 0$aSaggi. Solferino.$0(OLS)http://semarc/title/441203 850 $aSeMil 852 $aSeMil$W1$xVenegono$y1$m2A V 203$j234332$B242623$CSeMilBibl$Z2$F242623 $81 941 1 $a7 961 $aOmaggio mons. Mario Delpini 996 $6022$a26111373$9(OLS)http://semarc/number/296586 996 $6245$aIl monastero :$bBenedetto 16., nove anni di papato-ombra$9(OLS)http://semarc/title/441201 996 $6264$aMilano :$bSolferino$9(OLS)http://semarc/publisher/58013 LEADER 00950nam a2200241 i 4500 001 000000201880 003 CaOOAMICUS 005 20151130000000.0 008 151130s1968 it u000 u ita u 013 $a180586 040 $aSeMil$bita 100 1 $aLassaigne, Jacques.$0(OLS)http://semarc/name/34939 245 12$aL'impressionismo /$cJacques Lassaigne. 260 $aMilano :$bIl Saggiatore,$c1968. 300 $a207 p. :$bill. ;$c27 cm. 490 0 $aStoria generale della pittura ;$v15 650 4$aImpressionismo.$0(OLS)http://semarc/subject/9495 830 0$aStoria generale della pittura ;$v15.$0(OLS)http://semarc/title/44485 850 $aSeMil 852 $aSeMil$W1$xVenegono$y1$m5U VII 62/15$j152406$B152406$CSeMilBibl$Z2$F208763 $81 961 $aOmaggio: Istituto San Vincenzo 996 $6245$aL'impressionismo$9(OLS)http://semarc/title/292209 996 $6260$aMilano :$bIl Saggiatore$9(OLS)http://semarc/publisher/30255